[Event "SUI-chT"]
[Site "Switzerland"]
[Date "1996.??.??"]
[Round "2"]
[White "Kaufmann, Werner"]
[Black "Wolff, Armel David"]
[Result "1/2-1/2"]
[WhiteElo "2280"]
[BlackElo "2225"]
[PlyCount "52"]
[EventDate "1996.??.??"]
[EventType "team-tourn"]
[EventRounds "9"]
[EventCountry "SUI"]
[SourceTitle "CBM 055 Extra"]
[Source "ChessBase"]
[SourceDate "1997.01.01"]
[SourceVersion "1"]
[SourceVersionDate "1997.01.01"]
[SourceQuality "1"]

1. d4 d5 2. Nf3 Nf6 3. c4 dxc4 4. e3 c5 5. Bxc4 e6 6. 0-0 Nc6 7. dxc5 Qxd1 8. Rxd1 Bxc5 9. Nc3 a6 10. b3 0-0 11. Bb2 b5 12. Bd3 Bb7 13. Rac1 Be7 14. a4 b4 15. Ne2 Na5 16. Ned4 Rfc8 17. Ne5 Nd5 18. Nc4 Nxc4 19. Bxc4 Bf6 20. a5 Rc5 21. e4 Nc3 22. Bxc3 bxc3 23. Rxc3 Rd8 24. Rcd3 Bxe4 25. Nxe6 Rxd3 26. Bxd3 fxe6 1/2-1/2

[Event "IECG CM.1995.0.00005"]
[Site "IECG email"]
[Date "1996.??.??"]
[Round "?"]
[White "Sawyer, Timothy E"]
[Black "Wolff, Armel David"]
[Result "0-1"]
[WhiteElo "2100"]
[BlackElo "2292"]
[PlyCount "82"]
[EventDate "1995.11.??"]
[EventType "tourn (corr)"]
[EventRounds "6"]
[SourceTitle "Corr 2008"]
[Source "ChessBase"]
[SourceDate "2008.06.24"]
[SourceVersion "1"]
[SourceVersionDate "2008.06.24"]
[SourceQuality "1"]

1. e4 Nf6 2. e5 Nd5 3. d4 d6 4. Nf3 Bg4 5. Be2 Nc6 6. 0-0 Nb6 7. h3 Bh5 8. exd6 exd6 9. d5 Bxf3 10. Bxf3 Ne5 11. Re1 Be7 12. Nd2 0-0 13. b3 f5 14. c4 Bf6 15. Rb1 Nd3 16. Rf1 Nxc1 17. Qxc1 Bg5 18. Qc2 a5 19. g3 Nd7 20. Bg2 Bxd2 21. Qxd2 f4 22. Rfe1 fxg3 23. fxg3 Ne5 24. Rf1 b6 25. Rbe1 Rxf1+ 26. Rxf1 Qe7 27. Kh2 Rf8 28. Rxf8+ Qxf8 29. Be4 Qf1 30. Bg2 Qf6 31. Be4 Nf7 32. Bh1 g5 33. Be4 h6 34. Bg2 Kg7 35. Bh1 Qf5 36. Bg2 Ne5 37. Bh1 a4 38. bxa4 Qd3 39. Qxd3 Nxd3 40. Bf3 Kf6 41. Be2 Ne5 0-1

[Event "Geneve op"]
[Site "Geneve"]
[Date "1996.??.??"]
[Round "1"]
[White "Wolff, Armel David"]
[Black "Cvitan, Ognjen"]
[Result "0-1"]
[WhiteElo "2260"]
[BlackElo "2540"]
[PlyCount "82"]
[EventDate "1996.01.??"]
[EventType "swiss"]
[EventRounds "9"]
[EventCountry "SUI"]
[SourceTitle "CBM 051 Extra"]
[Source "ChessBase"]
[SourceDate "1996.05.01"]
[SourceVersion "1"]
[SourceVersionDate "1996.05.01"]
[SourceQuality "1"]

1. e4 c5 2. c3 d5 3. exd5 Qxd5 4. d4 g6 5. Be3 cxd4 6. Qxd4 Nf6 7. Qxd5 Nxd5 8. Bd4 f6 9. Bc4 Be6 10. Na3 Nc6 11. Ne2 Bh6 12. Bb5 Kf7 13. 0-0 Rhc8 14. Bxc6 Rxc6 15. c4 Nf4 16. Nxf4 Bxf4 17. b3 a6 18. Nc2 Rd8 19. g3 Bc7 20. Be3 Be5 21. Rad1 Rcd6 22. Rxd6 Rxd6 23. f4 Bc3 24. Kf2 Bf5 25. Na3 Bb4 26. Nb1 Rc6 27. Nd2 b5 28. Ke2 Bg4+ 29. Kf2 Be6 30. Nf3 bxc4 31. Nd4 Rc8 32. Nxe6 Kxe6 33. Rc1 cxb3 34. axb3 Rxc1 35. Bxc1 Kd5 36. Ke3 Bc5+ 37. Kd3 h5 38. h3 f5 39. Ke2 Ke4 40. Bb2 h4 41. gxh4 Be3 0-1

[Event "IECG CM.1996.0.00011"]
[Site "IECG email"]
[Date "1996.??.??"]
[Round "?"]
[White "Wolff, Armel David"]
[Black "Neven, Knut G"]
[Result "0-1"]
[WhiteElo "2292"]
[BlackElo "2375"]
[PlyCount "54"]
[EventDate "1996.03.25"]
[EventType "tourn (corr)"]
[EventRounds "6"]
[SourceTitle "Corr 2008"]
[Source "ChessBase"]
[SourceDate "2008.06.24"]
[SourceVersion "1"]
[SourceVersionDate "2008.06.24"]
[SourceQuality "1"]

1. e4 e6 2. d4 d5 3. Nd2 a6 4. Ngf3 c5 5. exd5 exd5 6. dxc5 Bxc5 7. Nb3 Ba7 8. Bd3 Qe7+ 9. Be2 Nf6 10. 0-0 0-0 11. Bg5 h6 12. Bh4 g5 13. Bg3 Ne4 14. Kh1 Nc6 15. Nfd2 Rd8 16. c4 dxc4 17. Bxc4 b5 18. Be2 Be6 19. Qe1 Nxg3+ 20. fxg3 Nb4 21. Bh5 Nc2 22. Rxf7 Qxf7 23. Bxf7+ Bxf7 24. Qf1 Nxa1 25. Qxa1 Rd3 26. Qc1 Rad8 27. Qc2 Be3 0-1

[Event "Metz op 13th"]
[Site "Metz"]
[Date "1995.??.??"]
[Round "2"]
[White "Wolff, Armel David"]
[Black "Lalic, Bogdan"]
[Result "1/2-1/2"]
[WhiteElo "2270"]
[BlackElo "2590"]
[PlyCount "61"]
[EventDate "1995.05.??"]
[EventType "swiss"]
[EventRounds "9"]
[EventCountry "FRA"]
[SourceTitle "EXT 2001"]
[Source "ChessBase"]
[SourceDate "2000.11.22"]
[SourceVersion "1"]
[SourceVersionDate "2000.11.22"]
[SourceQuality "1"]

1. e4 d5 2. exd5 Nf6 3. d4 Nxd5 4. c4 Nb6 5. Nf3 Bg4 6. c5 N6d7 7. Bc4 e6 8. h3 Bh5 9. Nc3 Be7 10. Be3 b6 11. 0-0 0-0 12. g4 Bg6 13. b4 c6 14. Re1 b5 15. Bf1 a5 16. a3 Na6 17. Qb3 Nc7 18. Bf4 Ra7 19. Bg2 Qc8 20. Bxc7 Rxc7 21. d5 Nxc5 22. bxc5 exd5 23. Ne5 Bxc5 24. Ne2 Qa6 25. Nf4 Qa7 26. Ra2 a4 27. Qc3 Bd4 28. Qb4 Bc5 29. Qc3 Bd4 30. Qb4 Bc5 31. Qc3 1/2-1/2

[Event "SUI-chT"]
[Site "Switzerland"]
[Date "1995.??.??"]
[Round "1"]
[White "Wolff, Armel David"]
[Black "Vulevic, Vjekoslav"]
[Result "1/2-1/2"]
[WhiteElo "2270"]
[BlackElo "2320"]
[PlyCount "41"]
[EventDate "1995.??.??"]
[EventType "team-tourn"]
[EventRounds "9"]
[EventCountry "SUI"]
[SourceTitle "CBM 049 Extra"]
[Source "ChessBase"]
[SourceDate "1996.01.01"]
[SourceVersion "1"]
[SourceVersionDate "1996.01.01"]
[SourceQuality "1"]

1. e4 e5 2. Nf3 Nc6 3. d4 exd4 4. Nxd4 Nf6 5. Nc3 Bb4 6. Nxc6 bxc6 7. Bd3 d5 8. exd5 Qe7+ 9. Qe2 Qxe2+ 10. Kxe2 Nxd5 11. Nxd5 cxd5 12. Bb5+ Bd7 13. Bxd7+ Kxd7 14. Rd1 Rhe8+ 15. Kf3 Kc6 16. Be3 Bc5 17. c4 dxc4 18. Bxc5 Kxc5 19. Rd7 c6 20. Rc1 Red8 21. Rxf7 1/2-1/2

[Event "SUI-chT"]
[Site "Switzerland"]
[Date "1994.??.??"]
[Round "2"]
[White "Wolff, Armel David"]
[Black "Hug, Marcel"]
[Result "1/2-1/2"]
[WhiteElo "2115"]
[BlackElo "2195"]
[PlyCount "67"]
[EventDate "1994.??.??"]
[EventType "team-tourn"]
[EventRounds "9"]
[EventCountry "SUI"]
[SourceTitle "EXT 2000"]
[Source "ChessBase"]
[SourceDate "1999.11.16"]
[SourceVersion "1"]
[SourceVersionDate "1999.11.16"]
[SourceQuality "1"]

1. e4 d6 2. d4 Nf6 3. Nc3 Nbd7 4. g3 e5 5. Nge2 Be7 6. Bg2 0-0 7. 0-0 c6 8. a4 b6 9. f4 Bb7 10. h3 b5 11. axb5 cxb5 12. d5 b4 13. Na4 Nb6 14. Be3 Nxa4 15. Rxa4 a5 16. c3 bxc3 17. Nxc3 Ba6 18. Re1 Nd7 19. Qa1 Bd3 20. Qd1 Ba6 21. Bf1 Bxf1 22. Rxf1 exf4 23. gxf4 Bf6 24. Qd3 Bxc3 25. Qxc3 Qh4 26. Bd4 Rac8 27. Qf3 Rfe8 28. Rxa5 Rc4 29. Qd3 Rxd4 30. Qxd4 Qg3+ 31. Kh1 Qxh3+ 32. Kg1 Qg4+ 33. Kh1 Qh4+ 34. Kg1 1/2-1/2